| 000 | 00354nam a2200133Ia 4500 | ||
|---|---|---|---|
| 008 | 191201s2012 xx 000 0 und d | ||
| 100 | _aSTOJMENOVIC, Ivan | ||
| 245 | 0 | _aHandbook of Wireless Networks and Mobile Computing | |
| 250 | _aRep | ||
| 260 |
_aNew Delhi _bWiley Dreautech India _c2012 |
||
| 300 | _a630 | ||
| 650 | _aM.Tech(CSE) | ||
| 942 |
_2ddc _cBK |
||
| 999 |
_c5991 _d5991 |
||